Demokracia a európska integrácia
Historický vývoj európskej integrácie. Európska únia. Európsky parlament. Vznik občianstva spolu so vznikom a vývojom národného štátu. Predpoklady pre priamu demokratickú legitimizáciu Európskej únie.
Guardado en:
| Autor principal: | |
|---|---|
| Formato: | Capítulo de libro |
| Lenguaje: | eslovaco |
| Materias: | |
| Etiquetas: |
Sin Etiquetas, Sea el primero en etiquetar este registro!
|
MARC
| LEADER | 00000naa a2200000 4500 | ||
|---|---|---|---|
| 001 | r025148 | ||
| 005 | 20230921123348.8 | ||
| 041 | 0 | |a slo | |
| 044 | |a SK | ||
| 245 | 1 | 0 | |a Demokracia a európska integrácia |c M. Kurucz |
| 520 | |a Historický vývoj európskej integrácie. Európska únia. Európsky parlament. Vznik občianstva spolu so vznikom a vývojom národného štátu. Predpoklady pre priamu demokratickú legitimizáciu Európskej únie. | ||
| 610 | 2 | 0 | |a integrácia ekonomická medzinárodná |
| 610 | 2 | 0 | |a demokracia |
| 610 | 2 | 0 | |a Európska únia |
| 610 | 2 | 0 | |a Európa |
| 610 | 2 | 0 | |a trh vnútorný |
| 100 | 1 | |a Kurucz, Milan, 1954- | |